000
00364nam a22001577a 4500
003
MPLRDC
005
20220104142528.0
008
210129b ||||| |||| 00| 0 eng d
082
_a
857.63 MY v.7
100
_a
孟瑶
245
_a
食人树
_c
260
_a
_b
皇冠出版社
_c
300
_b
平
650
_a
短篇小说--别集
942
_c
BK
_o
857.63 MY v.7
999
_c
31617
_d
31607